Getting started with the internet of things (Record no. 187426)

000 -LEADER
fixed length control field 00385nam a2200133Ia 4500
008 - FIXED-LENGTH DATA ELEMENTS--GENERAL INFORMATION
fixed length control field 220217s9999||||xx |||||||||||||| ||und||
020 ## - INTERNATIONAL STANDARD BOOK NUMBER
International Standard Book Number 9789350234136
082 ## - DEWEY DECIMAL CLASSIFICATION NUMBER
Classification number 004.68 PFI
100 ## - MAIN ENTRY--PERSONAL NAME
Personal name Pfister, Cuno
9 (RLIN) 9802
245 #0 - TITLE STATEMENT
Title Getting started with the internet of things
260 ## - PUBLICATION, DISTRIBUTION, ETC.
Place of publication, distribution, etc. Shroff publishers and dis. Pvt.
Name of publisher, distributor, etc. Mumbai
Date of publication, distribution, etc. 2015
300 ## - PHYSICAL DESCRIPTION
Extent XIII, 176p.
Other physical details 275
650 ## - SUBJECT ADDED ENTRY--TOPICAL TERM
Topical term or geographic name entry element WWW
Holdings
Withdrawn status Lost status Damaged status Not for loan Collection code Home library Current library Shelving location Date acquired Full call number Barcode Date last seen Price effective from Koha item type
        Electronics and Communication Engineering Central Library Central Library Reference 02/18/2022 004.68 PFI 22615 02/18/2022 02/18/2022 Books

Powered by Koha